| 000 | 00845nam a22002417a 4500 | ||
|---|---|---|---|
| 999 |
_c19457 _d19457 |
||
| 003 | AR-CdUCM | ||
| 008 | 190517b ||||| |||| 00| 0 spa d | ||
| 040 |
_aMUNICIPALIDAD PROVINCIAL DEL CUSCO _cBIBLIOTECA MUNICIPAL DEL CUSCO |
||
| 041 | _hfre | ||
| 082 |
_a848.9 / _bIO65 |
||
| 100 |
_aIonesco, Eugéne _940793 |
||
| 245 |
_aTeatro : _bla cantante calva - la lección Jacobo o la sumisión - las sillas - victimas del deber amadeo o cómo salir del paso / |
||
| 260 |
_aBuenos Aires : _bLosada, _c1961. |
||
| 300 |
_a305 páginas ; _c20 cm. |
||
| 505 | _aContenido: Teatro. | ||
| 650 |
_aTeatro francés _92444 |
||
| 650 |
_aLiteratura Francesa _9614 |
||
| 650 |
_aSiglo XX _98 |
||
| 700 |
_aEchávarri, Luis (traducción) _917724 |
||
| 700 |
_aLemarchand, Jacques (prólogo) _940794 |
||
| 942 |
_2ddc _cLIBROS |
||
| 945 |
_aachl _d2019-05-17 |
||